<?xml version="1.0" encoding="UTF-8"?>
<record
    xmlns:xsi="http://www.w3.org/2001/XMLSchema-instance"
    xsi:schemaLocation="http://www.loc.gov/MARC21/slim http://www.loc.gov/standards/marcxml/schema/MARC21slim.xsd"
    xmlns="http://www.loc.gov/MARC21/slim">

  <leader>00699nam a2200193 i 4500</leader>
  <datafield tag="999" ind1=" " ind2=" ">
    <subfield code="c">7587</subfield>
    <subfield code="d">7587</subfield>
  </datafield>
  <controlfield tag="003">OSt</controlfield>
  <controlfield tag="005">20211221131442.0</controlfield>
  <controlfield tag="008">210521s2021    sp |||| |    u0|| 0|spa d</controlfield>
  <datafield tag="020" ind1=" " ind2=" ">
    <subfield code="a">9788441543911</subfield>
  </datafield>
  <datafield tag="040" ind1=" " ind2=" ">
    <subfield code="a">B-UPV </subfield>
    <subfield code="b">spa</subfield>
    <subfield code="c">CDMR</subfield>
  </datafield>
  <datafield tag="245" ind1="0" ind2="0">
    <subfield code="a">Curso especialista en publicidad digital y embudos de venta : </subfield>
    <subfield code="b">el libro que te adentrar&#xE1; en una de las profesiones digitales m&#xE1;s demandadas actualmente / </subfield>
    <subfield code="c">Miguel Florido ... [et al.]</subfield>
  </datafield>
  <datafield tag="260" ind1=" " ind2=" ">
    <subfield code="a">Madrid : </subfield>
    <subfield code="b">Anaya Multimedia, </subfield>
    <subfield code="c">2021</subfield>
  </datafield>
  <datafield tag="300" ind1=" " ind2=" ">
    <subfield code="a">375 p. : </subfield>
    <subfield code="b">il. ; </subfield>
    <subfield code="c">23 cm</subfield>
  </datafield>
  <datafield tag="490" ind1="0" ind2=" ">
    <subfield code="a">Social media</subfield>
  </datafield>
  <datafield tag="650" ind1=" " ind2="0">
    <subfield code="a">Publicitat</subfield>
    <subfield code="x">Innovacions tecnol&#xF2;giques</subfield>
    <subfield code="9">875</subfield>
  </datafield>
  <datafield tag="650" ind1=" " ind2="0">
    <subfield code="a">M&#xE0;rqueting digital</subfield>
    <subfield code="9">4161</subfield>
  </datafield>
  <datafield tag="700" ind1="1" ind2=" ">
    <subfield code="a">Florido, Miguel</subfield>
  </datafield>
  <datafield tag="942" ind1=" " ind2=" ">
    <subfield code="2">udc</subfield>
    <subfield code="c">MON</subfield>
  </datafield>
  <datafield tag="952" ind1=" " ind2=" ">
    <subfield code="0">0</subfield>
    <subfield code="1">0</subfield>
    <subfield code="4">0</subfield>
    <subfield code="7">0</subfield>
    <subfield code="a">CDMR</subfield>
    <subfield code="b">CDMR</subfield>
    <subfield code="d">2021-12-21</subfield>
    <subfield code="e">Donaci&#xF3;</subfield>
    <subfield code="g">22.95</subfield>
    <subfield code="l">0</subfield>
    <subfield code="o">Cq /41</subfield>
    <subfield code="p">CDMR21120117</subfield>
    <subfield code="r">2021-12-21</subfield>
    <subfield code="w">2021-12-21</subfield>
    <subfield code="y">MON</subfield>
  </datafield>
</record>
